Philly major streets quiz - Statistics

General Stats
  • This quiz has been taken 52 times
  • The average score is 10 of 17
Answer Stats
Hint Answer % Correct
Starts with Girard Girard
84%
S Spruce
81%
V Vine
81%
W Walnut
78%
SG Spring Garden
76%
M Market
73%
C Chestnut
70%
P Pine
68%
R Race
68%
A Arch
65%
S South
62%
L Lombard
54%
W Washington
46%
O Oregon
43%
F Fairmount
38%
S Snyder
32%
B Bainbridge
27%
No matching quizzes found
Score Distribution
Percent of People with Each Score
Percentile by Number Answered
Your Score History
You have not taken this quiz